000 00480nam a2200145Ia 4500
008 210210b1985 xxu||||| |||| 00| 0 eng d
082 _a796.06 ASSH
100 _aASSOCIATION OF INDIAN UNIVERSITIES.
245 _aHandbook of rules and regulations for inter-university tournaments.
260 _aNew Delhi.
_bAssociation Indian Universities.,
_c1985
300 _a182,8
650 _aRules Regulations, Tournaments, AIU
690 _aAthletic & Outdoor Sports
906 _a042099
999 _c91960
_d91960